000 00291nam a2200121Ia 4500
008 191201s2019 xx 000 0 und d
082 _a658.4
_bHOI
100 _aHORVARD BUSINESS
245 0 _aInnovator's Tool Kit
260 _bHarvard Business School Press
650 _aMBA
942 _2ddc
_cBK
999 _c388
_d388